00450nam a2200145 i 450000100060000000300090000600500170001500700030003200800410003511000350007624501070011126000420021830000210026085200230028192820ES-MaACL20240301062534.0t|050328s1932 sp ||||1| spa d2 aBiblioteca Nacional (España)10aLista de adquisiciones de libros extranjeros octubre-diciembre /cPatronato de la Biblioteca Nacional. aMadrid : b[s.n.], c1932 (fAguirre) a20 p. ; c20 cm. aES-MaACLj1776-F-2